Target quantity surveying and commercial management 2005 (Record no. 103813)

MARC details
000 -LEADER
fixed length control field 01203cam a2200265 4500
001 - CONTROL NUMBER
control field L127681
008 - FIXED-LENGTH DATA ELEMENTS--GENERAL INFORMATION
fixed length control field 030120n2004 000 0 eng u
020 ## - INTERNATIONAL STANDARD BOOK NUMBER
International Standard Book Number 1843182033
022 ## - INTERNATIONAL STANDARD SERIAL NUMBER
International Standard Serial Number 1477-1144
035 ## - SYSTEM CONTROL NUMBER
System control number (Sirsi) u127681
041 ## - LANGUAGE CODE
Language code of text/sound track or separate title eng.
050 ## - LIBRARY OF CONGRESS CALL NUMBER
Classification number 650.14
-- 18
245 ## - TITLE STATEMENT
Title Target quantity surveying and commercial management 2005
260 ## - PUBLICATION, DISTRIBUTION, ETC.
Place of publication, distribution, etc. Wallingford
Name of publisher, distributor, etc. GTI Specialist Publishers
Date of publication, distribution, etc. 2004
300 ## - PHYSICAL DESCRIPTION
Extent 72p.
Dimensions 27cm.
520 ## - SUMMARY, ETC.
Summary, etc. Provides advice for graduates seeking jobs in quantity surveying and construction management. Includes tables of potential employers to approach, and discusses what employers are looking for in their graduates. Gives an insight into the different sectors of the industry, offers guidance on writing applications, and looks at postgraduate options. Further information and guidance is given at www.doctorjob.com/construction.
650 ## - SUBJECT ADDED ENTRY--TOPICAL TERM
Topical term or geographic name entry element CONSTRUCTION CAREERS
650 ## - SUBJECT ADDED ENTRY--TOPICAL TERM
Topical term or geographic name entry element CAREERS GUIDANCE
650 ## - SUBJECT ADDED ENTRY--TOPICAL TERM
Topical term or geographic name entry element GRADUATES
650 ## - SUBJECT ADDED ENTRY--TOPICAL TERM
Topical term or geographic name entry element QUANTITY SURVEYORS
690 ## - LOCAL SUBJECT ADDED ENTRY--TOPICAL TERM (OCLC, RLIN)
Topical term or geographic name as entry element EDUCATION-CAREERS
700 ## - ADDED ENTRY--PERSONAL NAME
Personal name Barrett, Katie
International Standard Serial Number Editor
856 ## - ELECTRONIC LOCATION AND ACCESS
Uniform Resource Identifier <a href="https://targetjobs.co.uk/construction">https://targetjobs.co.uk/construction</a>
Public note View the website free of charge at http://targetjobs.co.uk
942 ## - ADDED ENTRY ELEMENTS (KOHA)
Suppress in OPAC 0
Holdings
Withdrawn status Lost status Source of classification or shelving scheme Damaged status Not for loan Home library Current library Shelving location Date acquired Total Checkouts Full call number Barcode Date last seen Copy number Price effective from Koha item type
    Dewey Decimal Classification     London London Basement 13/10/2004   BASEMENT 30069568 06/08/2019 1 06/08/2019 Book